000 00405nam a22001697a 4500
005 20180630123503.0
008 160531b xxu||||| |||| 00| 0 eng d
020 _a978-81-203-3527-1
041 _aeng
082 _b6337
_a658
100 _aGupta, Meenakshi
_91582
245 _aPrinciples of Management
260 _aNew Delhi
_bPHI,
_c2009
300 _a258
650 _aManagement
_9241
942 _cBK
999 _c2235
_d2234